| 000 | 00512pab a2200181 454500 | ||
|---|---|---|---|
| 008 | 180718b2011 xxu||||| |||| 00| 0 eng d | ||
| 100 | _aGanesh Kumar | ||
| 245 | _aCausality between foreign direct investment and economic growth: A comparative study of India and China | ||
| 260 | _c2011 | ||
| 300 | _ap.1-10. | ||
| 362 | _aJun | ||
| 650 | _aEconomic growth - China | ||
| 650 | _aEconomic growth - India | ||
| 650 | _aForeign investment | ||
| 773 | _aMan and Development | ||
| 908 | _aN | ||
| 909 | _a92153 | ||
| 999 |
_c92153 _d92153 |
||